Statistiques concernant Philippiens 2. 3-11 - Facile

Cliquez ici pour prendre le quiz!

Statistiques générales

  • Ce quiz a été pris 19 fois
  • Le résultat moyen est 16 sur 35

Statistiques - réponses

Versets% Correct
Ne faites {rien}
100%
à arracher d’être {égal} avec Dieu,
50%
afin qu’au {nom} de Jésus
50%
à la gloire de Dieu le {Père}.
50%
Ayez en vous les {sentiments}
50%
C’est pourquoi {aussi}
50%
comme étant {au-dessus}
50%
comme un simple {homme},
50%
considère {aussi} ceux des autres.
50%
de {vous-mêmes}.
50%
Dieu l’a {souverainement} élevé,
50%
en devenant {semblable} aux hommes;
50%
en prenant une forme de {serviteur},
50%
et lui a {donné} le nom
50%
et que toute langue {confesse}
50%
il s’est {humilié} lui-même,
50%
jusqu’à la {mort},
50%
lequel, existant en {forme} de Dieu,
50%
mais que l’{humilité}
50%
mais s’est {dépouillé} lui-même,
50%
même jusqu’à la mort de la {croix}.
50%
ou par vaine {gloire},
50%
par esprit de {parti}
50%
Que {chacun} de vous,
50%
que Jésus-Christ est {Seigneur},
50%
qui est {au-dessus} de tout nom,
50%
qui étaient en {Jésus-Christ},
50%
se rendant {obéissant}
50%
ses propres {intérêts},
50%
sur la {terre} et sous la terre,
50%
tout genou {fléchisse} dans les cieux,
50%
au lieu de {considérer}
0%
et ayant {paru}
0%
n’a point {regardé} comme une proie
0%
vous fasse {regarder} les autres
0%

Distribution des résultats

Percentile par nombre de réponses

% des personnes avec chaque résultat

Votre développement - résultats

Vous n’avez pas pris ce quiz